000
00304nam a2200133Ia 4500
999
_c
6611
_d
6611
008
200302s9999 xx 000 0 und d
082
_a
720.22
_b
GIL
100
_a
Robert W. Gill
245
_a
Rendering with pen + Ink
260
_b
Thomes & Hudson Ltd.
260
_c
2015
300
_a
400
942
_2
ddc